000 00603 a2200217 4500
041 _aEng.
082 _a539.7
_bC828i
100 _aCollingham, W.N.
_98459
100 _aGreenwood, D.A.
_98460
245 _aAn introduction to nuclear physics
260 _aLondon
_bCambridge University Press
_c1986
300 _ax,210p.
504 _aIncludes bibliography
650 _aNuclear physics
_97630
650 _aParticles( nuclear physics)
_98461
650 _aElectromagnetism
_97977
650 _aNuclear reactions
650 _aNuclear properties
_98462
653 _aPhysics
942 _2ddc
_cGEN
999 _c50206
_d50202